| 000 | 00799ntaaa2200229 4500 | ||
|---|---|---|---|
| 003 | 01 | ||
| 005 | 20251027203334.0 | ||
| 008 | 0714s1973 ag 01 | ||
| 040 |
_aAR-BaBN _bspa _cAR-BaBN _eaacr _dRIC |
||
| 100 |
_aVera, Alberto Gastón _937167 |
||
| 245 |
_aResponsabilidad de los padres como educadores de la fe / _cAlberto Gastón Vera |
||
| 260 |
_aBuenos Aires, _c2014 |
||
| 300 |
_a46 h. ; _c28 cm. |
||
| 500 | _aIncluye referencias bibliográficas | ||
| 500 | _aBibliografía en h. 46 | ||
| 502 | _a(licenciatura)-Seminario Internacional Teológico Bautista, 2014 | ||
| 505 | _tCap. 1. Padres responsables para educar en la fe | ||
| 505 | _tCap. 2. Lo que los padres deben hacer para educar en la fe | ||
| 505 | _tCap. 3. Conclusión y recomendación | ||
| 650 | _aTESIS | ||
| 942 | _cBK | ||
| 999 |
_c28891 _d28891 |
||